Dacia Car Models Worldwide 2024/25 - Statistics

General Stats
  • This quiz has been taken 344 times
    100 since last reset
  • The average score is 4 of 6
Answer Stats
Hint Answer % Correct
Subcompact Hatchback Sandero
90%
Compact Crossover Duster
86%
Subcompact Sedan Logan
75%
Subcompact Crossover EV Spring
60%
Compact MPV Jogger
56%
Compact Crossover Bigster
43%
No matching quizzes found
Score Distribution
Percent of People with Each Score
Percentile by Number Answered
Your Score History
You have not taken this quiz since the last reset